LEADER 01713nam a2200313 i 4500 001 000000355012 003 CaOOAMICUS 005 20230814094510.0 008 230814s2023 gw a m u000 u ger u 020 $a978-3-11-079341-3 040 $aSeMil$bita 100 1 $aSchulz, Sarah,$d<1982- >.$0(OLS)http://semarc/name/83403 245 10$aJoschua und Melchisedek :$bStudien zur Entwicklung des Jerusalemer Hohepriesteramtes vom 6. bis 2. Jahrhundert v. Chr. /$cSarah Schulz. 264 1$aBerlin ; Boston :$bDe Gruyter,$c2023. 300 $aX, 453 p. ;$c24 cm 490 1 $aBeihefte zur Zeitschrift für die alttestamentliche Wissenschaft ;$v546 502 $aTesto rivisto della tesi, Teologia : Friedrich-Alexander-Universität Erlangen-Nürnberg, 2021/22 504 $aLiteraturverzeichnis, p. [415]-443 600 04$aMelchisedek .$0(OLS)http://semarc/subject/29830 650 4$aBibbia - AT - Sacerdozio.$0(OLS)http://semarc/subject/54170 650 4$aSacerdozio - Giudaismo - Antichità.$0(OLS)http://semarc/subject/35638 650 04$aGiosuè .$0(OLS)http://semarc/subject/4954 830 0$aBeihefte zur Zeitschrift für die alttestamentliche Wissenschaft ;$v546.$0(OLS)http://semarc/title/294 850 $aSeMil 852 $aSeMil$W1$xVenegono$y1$m2XA Q 546$j243051$B246294$CSeMilBibl$Z2$F246294 $81 996 $6020$a978-3-11-079341-3$9(OLS)http://semarc/number/298644 996 $6245$aJoschua und Melchisedek :$bStudien zur Entwicklung des Jerusalemer Hohepriesteramtes vom 6. bis 2. Jahrhundert v. Chr.$9(OLS)http://semarc/title/445170 996 $6264$aBerlin ; Boston :$bDe Gruyter$9(OLS)http://semarc/publisher/36449 LEADER 01187nam a2200265 4500 001 000000345636 003 CaOOAMICUS 005 20210429145300.0 008 210429s2010 it 000 u ita r 020 $a978-88-215-6867-1 040 $aSeMil$bita 100 1 $aLohfink, Gerhard,$d<1934- >.$0(OLS)http://semarc/name/17282 240 10$aWelche Argumente hat der neue Atheismus?.$0(OLS)http://semarc/title/434782 245 10$aDio non esiste! :$bgli argomenti del nuovo ateismo /$cGerhard Lohfink. 264 1$aCinisello Balsamo :$bSan Paolo,$c2010. 300 $a173 p. ;$c21 cm 490 1 $aAttualità e storia ;$v107 650 4$aAteismo - Atteggiamento [del] Cristianesimo.$0(OLS)http://semarc/subject/50331 830 0$aAttualità e storia ;$v107.$0(OLS)http://semarc/title/5888 850 $aSeMil 852 $aSeMil$W1$xVenegono$y1$m2D III 421$j225867$B236694$CSeMilBibl$Z2$F236694 $81 996 $6020$a978-88-215-6867-1$9(OLS)http://semarc/number/293030 996 $6245$aDio non esiste! :$bgli argomenti del nuovo ateismo$9(OLS)http://semarc/title/434781 996 $6264$aCinisello Balsamo :$bSan Paolo$9(OLS)http://semarc/publisher/30129 LEADER 01515nam a2200313 i 4500 001 000000226909 003 CaOOAMICUS 005 20140210000000.0 008 140210s2013 gw u000 u ger u 013 $a205811 020 $a978-3-451-02259-3 040 $aSeMil$bita 245 10$aÖkumene - überdacht :$bReflexionen und Realitäten im Umbruch /$cheraugegeben von Thomas Bremer und Maria Wernsmann ; [mit Beiträgen von Michael Biehl ... et al.]. 260 $aFreiburg ; Basel ; Wien :$bHerder,$c2013. 300 $a351 p. ;$c22 cm. 490 0 $aQuaestiones disputatae ;$v259 650 4$aSecolarizzazione.$0(OLS)http://semarc/subject/8660 650 4$aDialogo ecumenico.$0(OLS)http://semarc/subject/8846 650 4$aEcclesiologia e ecumenismo.$0(OLS)http://semarc/subject/12394 700 1 $aBremer, Thomas,$d<1957- >.$0(OLS)http://semarc/name/65573 700 1 $aBiehl, Michael.$0(OLS)http://semarc/name/78709 700 1 $aWernsmann, Maria.$0(OLS)http://semarc/name/78708 830 0$aQuaestiones disputatae ;$v259.$0(OLS)http://semarc/title/436628 850 $aSeMil 852 $aSeMil$W1$xVenegono$y1$m2M I 611$j177255$B177255$CSeMilBibl$Z2$F188063 $81 961 $aSottoscrizione: Herder 996 $6020$a978-3-451-02259-3$9(OLS)http://semarc/number/228311 996 $6245$aÖkumene - überdacht :$bReflexionen und Realitäten im Umbruch$9(OLS)http://semarc/title/324859 996 $6260$aFreiburg ; Basel ; Wien :$bHerder$9(OLS)http://semarc/publisher/29643